[Event "Nordic Championship"]
[Site "Vaxjo"]
[Date "2017.06.29"]
[Round "6.12"]
[White "Rostgaard, Tobias Valentin"]
[Black "Aroven, Mikael"]
[Result "1-0"]
[WhiteElo "2327"]
[BlackElo "2114"]

1.e4 c5 2.Nf3 e6 3.b3 Nc6 4.Bb2 d6 5.d4 cxd4 6.Nxd4 Bd7 7.Bd3 Nf6 8.O-O 
Be7 9.c4 Nxd4 10.Bxd4 Bc6 11.Qe2 e5 12.Bb2 a5 13.Nc3 O-O 14.Nd5 Nd7 15.
Rfd1 Bxd5 16.cxd5 Nc5 17.Rac1 Bg5 18.Rxc5 dxc5 19.Bxe5 Qe7 20.Bc3 Rfd8 21.
e5 Rxd5 22.Bxh7+ Kxh7 23.Qe4+ Kg8 24.Rxd5 a4 25.bxa4 Qe6 26.a5 Be7 27.Rd2 
Rb8 28.h3 b5 29.axb6 Rxb6 30.Kh2 g6 31.Qg4 Ra6 32.Rb2 Ra3 33.Rb8+ Kg7 34.
Rb7 Qxg4 35.hxg4 Rxc3 36.Rxe7 g5 37.e6 Kf6 38.Rxf7+ Kxe6 39.Rf5 c4 40.Rxg5
Kd6 41.Rg6+ Kd5 42.Rg8 Ra3 43.Rd8+ Ke5 44.Rc8 Kd4 45.g5 Rxa2 46.g6 Ra7 47.
f4 c3 48.f5 Ke5 49.Rc5+ Kf6 50.g4 Kg5 51.Rxc3 Rb7 52.Kh3 Ra7 53.Rc8 Ra3+ 
54.Kg2 Ra7 55.Kf3 Ra3+ 56.Ke4 Ra4+ 57.Ke5 Ra5+ 58.Ke6 Ra6+ 59.Ke7 Ra7+ 60.
Kf8 Kh6 61.g5+ 1-0

[Event "Nordic Championship"]
[Site "Vaxjo"]
[Date "2017.06.29"]
[Round "6.13"]
[White "Johansson, Thomas"]
[Black "Kucuksari, Kaan"]
[Result "0-1"]
[WhiteElo "2205"]
[BlackElo "2299"]

1.d4 Nf6 2.c4 e6 3.Nf3 b6 4.g3 Bb7 5.Bg2 Be7 6.O-O O-O 7.Re1 d5 8.cxd5 
exd5 9.Nc3 Nbd7 10.Bf4 Bb4 11.Rc1 c5 12.a3 Ba5 13.Qa4 Qe7 14.Bg5 h6 15.
Bxf6 Nxf6 16.dxc5 Bxc3 17.Rxc3 bxc5 18.b4 Ne4 19.Rc2 Rfc8 20.bxc5 Rxc5 21.
Rxc5 Qxc5 22.Nd4 a5 23.Bxe4 dxe4 24.Rb1 Ba6 25.Kf1 Rd8 26.Nc6 Rc8 27.Nxa5 
Qh5 28.Re1 f5 29.h4 Kh7 30.Nc6 Bb7 31.Ne7 Rc7 32.Qb4 Qf7 0-1

[Event "Nordic Championship"]
[Site "Vaxjo"]
[Date "2017.06.29"]
[Round "6.14"]
[White "Krantz, Christopher"]
[Black "Vernersson, Per"]
[Result "1/2-1/2"]
[WhiteElo "2200"]
[BlackElo "2290"]

1.d4 d5 2.Bf4 Nf6 3.e3 Bf5 4.c4 c6 5.Nc3 e6 6.Qb3 Qb6 7.c5 Qxb3 8.axb3 
Nfd7 9.Nf3 Be7 10.b4 O-O 11.Be2 Bg4 12.Nd2 Bxe2 13.Kxe2 b5 14.Nb3 a6 15.
Kd3 Ra7 16.Ra3 Re8 17.f3 Bd8 18.Bd6 Bc7 19.e4 dxe4+ 20.fxe4 Bxd6 21.cxd6 
e5 22.Nc5 exd4 23.Kxd4 Nxc5 24.Kxc5 Rb7 25.Kd4 f6 26.Rha1 Rd7 27.Kc5 Re5+ 
28.Kb6 Rxd6 29.Rd1 Rxd1 30.Nxd1 Re7 31.Nf2 Kf7 32.Nd3 Ke8 33.Nc5 Kd8 34.
Rd3+ Kc8 35.Rd6 h5 36.h4 Re5 37.g3 Re7 38.Re6 Nd7+ 39.Kxc6 Rxe6+ 40.Nxe6 
g6 41.Nc5 Ne5+ 42.Kd6 g5 43.Ke6 gxh4 44.gxh4 Nf3 45.Kxf6 Nxh4 46.e5 Ng2 
47.e6 Nf4 48.e7 Nd5+ 49.Kf7 Nxe7 50.Kxe7 h4 51.Kd6 h3 52.Ne4 h2 53.Nf2 Kb7
54.Nh1 Kb6 55.Ng3 Kb7 56.Kd5 Kb6 57.Ke4 Kc6 58.b3 Kb6 59.Kd5 Kc7 60.Kc5 
1/2-1/2

[Event "Nordic Championship"]
[Site "Vaxjo"]
[Date "2017.06.29"]
[Round "6.15"]
[White "Nygren, Kim"]
[Black "Seo, Jung Min"]
[Result "0-1"]
[WhiteElo "2184"]
[BlackElo "2276"]

1.d4 Nf6 2.Bg5 e6 3.Nc3 d5 4.e4 dxe4 5.Nxe4 Nbd7 6.Nf3 Be7 7.Nxf6+ Bxf6 8.
Bxf6 Qxf6 9.Bc4 O-O 10.Qe2 a6 11.O-O-O Rb8 12.Qe3 b5 13.Bd3 Bb7 14.Ng5 g6 
15.h4 h6 16.Ne4 Bxe4 17.Bxe4 Kg7 18.h5 g5 19.g3 Nb6 20.f4 Nc4 21.Qe2 c5 
22.fxg5 Qxg5+ 23.Kb1 cxd4 24.Rxd4 Rbd8 25.Rxd8 Rxd8 26.Bd3 Ne5 27.Be4 Rd4 
28.Bb7 a5 29.b3 b4 30.Rf1 Ng4 31.Bc8 Nf6 32.Qf2 Rd2 33.Qa7 Qd5 34.Ba6 Rd1+
35.Rxd1 Qxd1+ 36.Kb2 Qxh5 37.a3 Qe5+ 38.Ka2 Nd5 39.axb4 axb4 40.Qb7 Nc3+ 
41.Kb2 Na4+ 42.Kc1 Qe1# 0-1

[Event "Nordic Championship"]
[Site "Vaxjo"]
[Date "2017.06.29"]
[Round "6.16"]
[White "Lind, Jan-Olov"]
[Black "Helin, Mikael"]
[Result "1-0"]
[WhiteElo "2222"]
[BlackElo "1861"]

1.e4 d6 2.d4 Nf6 3.Nc3 Nbd7 4.Nf3 e5 5.Bc4 Be7 6.O-O h6 7.Qe2 c6 8.Rd1 Qc7
9.a4 a5 10.h3 Nf8 11.Be3 g5 12.dxe5 dxe5 13.Nxe5 Qxe5 14.Bd4 N6d7 15.Bxe5 
Nxe5 16.Bb3 Nfg6 17.Qe3 g4 18.hxg4 Bxg4 19.Qb6 Kf8 20.Qxb7 Kg7 21.Qb6 Rhb8
22.Qe3 Bg5 23.Qc5 Be7 24.Rd6 f6 25.f4 Nxf4 26.Rd7 Nxd7 27.Qxe7+ Kh8 28.Qd6
Ng6 29.Re1 Nge5 30.Re3 Rf8 31.Rg3 h5 32.Qd2 Kh7 33.Nd1 Nc5 34.Nf2 Rfd8 35.
Qf4 Rd6 36.Qe3 Nxb3 37.Qxb3 Rad8 38.Nd3 R8d7 39.Qc3 h4 40.Re3 Rd4 41.Nxe5 
Rd1+ 42.Kh2 fxe5 43.Qxe5 Rg7 44.Rb3 Rdd7 45.Qf6 Rg6 46.Qf4 Rdg7 47.Qf2 Rg5
48.Rd3 R5g6 49.Rd8 Be6 50.Rf8 Rg4 51.Rf4 Rxf4 52.Qxf4 h3 53.gxh3 Rg6 54.
Qc7+ Kh6 55.Qxa5 Bc4 56.Qe1 Rg5 57.b3 Ba6 58.e5 c5 59.Qh4+ Kg6 60.Qe4+ Kh5
61.Qh7# 1-0

[Event "Nordic Championship"]
[Site "Vaxjo"]
[Date "2017.06.29"]
[Round "6.17"]
[White "Neretljak, Nedzad"]
[Black "Lindgren, Philip"]
[Result "0-1"]
[WhiteElo "2083"]
[BlackElo "2420"]

1.e4 c6 2.d4 d5 3.Nc3 dxe4 4.Nxe4 Bf5 5.Ng5 Nf6 6.Bc4 e6 7.Ne2 h6 8.Nf3 
Nbd7 9.O-O Be7 10.Nh4 Bh7 11.Bb3 O-O 12.f4 c5 13.f5 Nb6 14.c3 Nfd5 15.fxe6
c4 16.exf7+ Rxf7 17.Rxf7 Kxf7 18.Bc2 Bxc2 19.Qxc2 Bxh4 20.Bxh6 gxh6 21.
Qh7+ Ke8 22.Rf1 Qe7 23.Qg6+ Kd8 24.Rf7 Qe3+ 25.Kh1 Be7 26.Ng1 Kc7 27.h3 
Rf8 0-1

[Event "Nordic Championship"]
[Site "Vaxjo"]
[Date "2017.06.29"]
[Round "6.18"]
[White "Fors, Tomas"]
[Black "Hansen, Mads"]
[Result "0-1"]
[WhiteElo "2157"]
[BlackElo "2414"]

1.d4 Nf6 2.c4 e6 3.Nc3 Bb4 4.e3 O-O 5.Ne2 b5 6.cxb5 a6 7.a3 axb5 8.Bd2 Be7
9.Nxb5 Ne4 10.Ng3 Nxd2 11.Qxd2 Bb7 12.Rc1 Na6 13.f3 f5 14.Bd3 c5 15.O-O 
Qb6 16.Ne2 Bf6 17.a4 cxd4 18.Nexd4 Be7 19.a5 Qd8 20.Nb3 Qb8 21.Qe2 Bb4 22.
e4 fxe4 23.fxe4 Qe5 24.N5d4 Nc5 25.Rxf8+ Rxf8 26.Nf3 Rxf3 27.Qxf3 Nxb3 28.
Rf1 h6 29.a6 Bc6 30.Kh1 Nd2 31.Qf7+ Kh7 32.Qf4 Qd4 33.Bc2 Qxb2 0-1

[Event "Nordic Championship"]
[Site "Vaxjo"]
[Date "2017.06.29"]
[Round "6.19"]
[White "Pantzar, Milton"]
[Black "Wahlund, Max"]
[Result "1-0"]
[WhiteElo "2313"]
[BlackElo "2142"]

1.Nf3 Nf6 2.g3 g6 3.Bg2 Bg7 4.O-O d5 5.d4 O-O 6.Ne5 c6 7.c4 Be6 8.b3 Nfd7 
9.cxd5 cxd5 10.Nf3 Nc6 11.Nc3 Rc8 12.Bb2 h6 13.Rc1 Nf6 14.Ne5 Nxe5 15.dxe5
Ng4 16.Nxd5 Rxc1 17.Bxc1 Nxe5 18.Ba3 Nc6 19.Qd2 Bxd5 20.Qxd5 Qxd5 21.Bxd5 
Rd8 22.Bxc6 bxc6 23.Bxe7 Rd2 24.a4 Rxe2 25.Bc5 Rb2 26.b4 Bf8 27.Bxa7 Rxb4 
28.Ra1 c5 29.a5 Bg7 30.Ra2 c4 31.a6 c3 32.Be3 Rb8 33.a7 Ra8 34.Ra4 Be5 35.
f4 Bc7 36.Ra3 c2 37.Rc3 1-0

[Event "Nordic Championship"]
[Site "Vaxjo"]
[Date "2017.06.29"]
[Round "6.20"]
[White "Thornblad, Erik"]
[Black "Rydstrom, Tom"]
[Result "0-1"]
[WhiteElo "2107"]
[BlackElo "2313"]

1.e4 c5 2.Nf3 e6 3.d4 cxd4 4.Nxd4 a6 5.c4 Nf6 6.Nc3 Qc7 7.a3 Nxe4 8.Nxe4 
Qe5 9.Bd3 Qxd4 10.O-O Nc6 11.Qc2 Ne5 12.Be2 f5 13.Ng5 Be7 14.Be3 Qd6 15.c5
Qc7 16.Rac1 O-O 17.Rfd1 Rb8 18.f4 Nc6 19.Nf3 Bf6 20.b4 Qd8 21.h3 Qe7 22.g4
fxg4 23.hxg4 g6 24.Kg2 Qg7 25.Qb3 b5 26.cxb6 Bb7 27.Kg1 Rf7 28.g5 Bd8 29.
Rd6 Qf8 30.Rcd1 Bc8 31.b7 Rxb7 32.Bxa6 Rxf4 33.Bxb7 Rxf3 34.Bxc6 Bxg5 35.
Bxf3 Qxf3 36.R1d3 Bb7 37.Qxe6+ dxe6 38.Rd8+ Bxd8 0-1

[Event "Nordic Championship"]
[Site "Vaxjo"]
[Date "2017.06.29"]
[Round "6.21"]
[White "Tuomainen, Felix"]
[Black "Carlsson, Ludvig"]
[Result "1-0"]
[WhiteElo "2294"]
[BlackElo "2088"]

1.d4 e6 2.c4 b6 3.a3 Bb7 4.Nc3 Nf6 5.Nf3 Be7 6.g3 O-O 7.Bg2 Ne4 8.Qc2 Nxc3
9.bxc3 Nc6 10.e4 Na5 11.Nd2 Ba6 12.e5 Rc8 13.Be4 h6 14.O-O Nxc4 15.Re1 d5 
16.Qa4 Na5 17.Bb1 g6 18.Nf3 Kg7 19.h4 c5 20.Kg2 Bc4 21.Nd2 cxd4 22.cxd4 
Qe8 23.Qd1 Qb5 24.Bc2 Qc6 25.Nxc4 Qxc4 26.Re2 f5 27.exf6+ Bxf6 28.Be3 Qc3 
29.Ba4 b5 30.Rc2 Qxa1 31.Qxa1 bxa4 32.Bxh6+ Kf7 33.Qc1 Nb3 34.Rxc8 Nxc1 
35.Rxf8+ Ke7 36.Rxf6 Ne2 37.Rxg6 Nxd4 38.Rg7+ Kd6 39.Rxa7 Nc6 40.Rxa4 1-0

[Event "Nordic Championship"]
[Site "Vaxjo"]
[Date "2017.06.29"]
[Round "6.22"]
[White "Keinanen, Toivo"]
[Black "Petersson, Baldur Teodor"]
[Result "1/2-1/2"]
[WhiteElo "2287"]
[BlackElo "2086"]

1.c4 c6 2.Nf3 d5 3.g3 Nf6 4.Bg2 Bg4 5.Ne5 Be6 6.cxd5 Bxd5 7.Nf3 c5 8.O-O 
e6 9.Nc3 Bc6 10.d3 Bd6 11.e4 Qc7 12.Re1 e5 13.Nh4 g6 14.Bh6 Nbd7 15.Rc1 
Bf8 16.Be3 Qd6 17.f4 Bh6 18.Kh1 exf4 19.e5 Bxg2+ 20.Nxg2 Qc6 21.Bxc5 Nxc5 
22.exf6+ Ne6 23.d4 f3 24.Nf4 Bxf4 25.gxf4 f2+ 26.Re4 Qa6 27.d5 O-O-O 28.
Ra4 f1=Q+ 29.Qxf1 Qxf1+ 30.Rxf1 Nc7 31.Rd1 Rd6 32.Rc4 Kb8 33.Rc1 Nxd5 34.
Rd4 Rc8 35.Re1 Re6 36.Rxe6 fxe6 37.Nxd5 exd5 38.Rxd5 Rf8 39.Rd6 Kc7 40.Re6
Rf7 41.Re8 Kd7 42.Ra8 a6 43.Kg2 Rxf6 44.Rb8 Kc6 45.Rh8 Rxf4 46.Rxh7 Rd4 
47.Rh6 Rd2+ 48.Kf3 Rxb2 49.Rxg6+ Kb5 50.Rg2 Rb4 51.Rg4 Rb2 52.Rg2 Rb4 53.
Rg5+ Ka4 54.Rg4 a5 55.h4 Ka3 56.Rxb4 axb4 57.h5 Kxa2 58.h6 b3 59.h7 b2 60.
h8=Q b1=Q 1/2-1/2

[Event "Nordic Championship"]
[Site "Vaxjo"]
[Date "2017.06.29"]
[Round "6.23"]
[White "Storme, Isak"]
[Black "Karlsson, Ulf"]
[Result "1/2-1/2"]
[WhiteElo "2129"]
[BlackElo "2027"]

1.Nf3 c5 2.c4 e6 3.Nc3 Nc6 4.e3 d5 5.d4 Nf6 6.a3 dxc4 7.Bxc4 cxd4 8.exd4 
a6 9.O-O Be7 10.Re1 O-O 11.Bb3 b5 12.Bg5 Nd5 13.Nxd5 Bxg5 14.Nxg5 Qxg5 15.
Nb6 Rb8 16.Nxc8 Rbxc8 17.d5 exd5 18.Qxd5 Qxd5 19.Bxd5 Rfd8 20.Rad1 Kf8 21.
Kf1 Rd6 22.Bf3 Rcd8 23.Rxd6 Rxd6 24.Bxc6 Rxc6 25.g3 Rc2 26.Re2 Rxe2 27.
Kxe2 Ke7 28.Ke3 Ke6 29.Kd4 Kd6 30.b4 f6 31.f3 g6 32.g4 h6 33.h3 Kc6 34.h4 
Kd6 35.Ke4 Ke6 36.f4 Kd6 37.Kd4 Kc6 38.Ke4 Kd6 39.f5 g5 40.hxg5 hxg5 41.
Kd4 1/2-1/2

[Event "Nordic Championship"]
[Site "Vaxjo"]
[Date "2017.06.29"]
[Round "6.24"]
[White "Rishovd, Svein"]
[Black "Green, Per"]
[Result "1-0"]
[WhiteElo "2092"]
[BlackElo "1965"]

1.d4 Nf6 2.Nf3 d5 3.c4 e6 4.g3 Bb4+ 5.Bd2 a5 6.Bg2 dxc4 7.O-O b5 8.Bxb4 
axb4 9.Qd2 O-O 10.Qxb4 c6 11.Ne5 Bb7 12.Rd1 Na6 13.Qd2 Qc7 14.Nc3 Rfd8 15.
Rac1 Nd5 16.e4 Nxc3 17.bxc3 Nb8 18.Ng4 Qe7 19.Rb1 Ra5 20.h4 Na6 21.Ne3 h6 
22.Rb2 Ba8 23.Rdb1 Nc5 24.Rb4 Qa7 25.R4b2 Nd3 26.Rc2 Bb7 27.Bf1 Ne5 28.Bg2
Nd3 29.Kh2 Nc5 30.f4 Na4 31.Rf1 Nxc3 32.f5 Nxe4 33.Bxe4 Rxd4 34.fxe6 Rxd2+
35.Rxd2 Rxa2 36.exf7+ Kf8 37.Nc2 Qb6 38.Bg6 c5 39.Re2 Rxc2 40.Bxc2 Bc6 41.
Bg6 1-0

[Event "Nordic Championship"]
[Site "Vaxjo"]
[Date "2017.06.29"]
[Round "6.25"]
[White "Pettersson, Anders"]
[Black "Sjostrand, Joel"]
[Result "1-0"]
[WhiteElo "2057"]
[BlackElo "1890"]

1.d4 f5 2.Nc3 Nf6 3.e4 fxe4 4.Bg5 Nc6 5.d5 Ne5 6.Qd4 Nf7 7.Bxf6 gxf6 8.
Nxe4 c6 9.O-O-O Bh6+ 10.Kb1 Qb6 11.Qc3 f5 12.Ng3 e6 13.dxe6 dxe6 14.Nh5 
Bf8 15.Bc4 Bb4 16.Qf6 Rg8 17.Bxe6 Bxe6 18.Qxe6+ Kf8 19.Rd7 1-0

[Event "Nordic Championship"]
[Site "Vaxjo"]
[Date "2017.06.29"]
[Round "6.27"]
[White "Nilsson, Mattias"]
[Black "Crevatin, Leo"]
[Result "1/2-1/2"]
[WhiteElo "1947"]
[BlackElo "2044"]

1.c4 Nf6 2.Nc3 c6 3.Nf3 d5 4.e3 e6 5.d4 Nbd7 6.Bd3 dxc4 7.Bxc4 b5 8.Bd3 
Bb7 9.O-O a6 10.e4 c5 11.Re1 cxd4 12.Nxd4 Ne5 13.Bc2 Qb6 14.Nf3 Nfg4 15.
Be3 Nxe3 16.Rxe3 Nc4 17.Re2 Nxb2 18.Qc1 Nc4 19.Qf4 Bb4 20.Nd5 exd5 21.
exd5+ Kf8 22.Re6 Bd6 23.Qf5 Bc8 24.Ng5 Bxe6 25.dxe6 f6 26.Nxh7+ Ke7 27.Qg6
Kxe6 28.Ng5+ Kd7 29.Qxg7+ Kc6 30.Be4+ Kc5 31.Bxa8 Rxa8 32.Ne4+ Kb4 33.Qxf6
Be5 34.Qe7+ Bd6 35.Qf6 Bxh2+ 36.Kxh2 Qxf6 37.Nxf6 Ka3 38.Nd5 Kb2 39.Re1 
Kxa2 40.Re6 Kb3 1/2-1/2

[Event "Nordic Championship"]
[Site "Vaxjo"]
[Date "2017.06.29"]
[Round "6.29"]
[White "Eriksson, Per"]
[Black "Wengholm, Anders"]
[Result "0-1"]
[WhiteElo "1891"]
[BlackElo "2209"]

1.e4 c5 2.Nc3 Nc6 3.f4 e6 4.Nf3 a6 5.b3 b5 6.a4 b4 7.Ne2 Nf6 8.Ng3 Bb7 9.
Bd3 Qc7 10.Ne2 Be7 11.Bb2 Na5 12.O-O Nxe4 13.Bxg7 Rg8 14.Bb2 f5 15.Rc1 c4 
16.bxc4 O-O-O 17.Bd4 Nc5 18.Be3 Rg7 19.Ng3 Ne4 20.Bxe4 fxe4 21.Ng5 Nxc4 
22.N5xe4 d5 23.Ng5 d4 24.Bf2 Bxg5 25.fxg5 Qc6 26.Qf3 Qxf3 27.gxf3 Nxd2 28.
Rfd1 Nxf3+ 29.Kf1 Nxh2+ 30.Ke1 e5 31.Nf5 Rxg5 32.Ne7+ Kd7 33.Bh4 Nf3+ 0-1

[Event "Nordic Championship"]
[Site "Vaxjo"]
[Date "2017.06.29"]
[Round "6.30"]
[White "Sukhayanudit, Apichai"]
[Black "Fernandez, Juan Pablo"]
[Result "0-1"]
[WhiteElo "1819"]
[BlackElo "2045"]

1.e4 c5 2.b3 d6 3.Bb5+ Nd7 4.e5 dxe5 5.Qh5 a6 6.Bxd7+ Bxd7 7.Qxe5 Bc6 8.
Ne2 Bxg2 9.Rg1 Qd5 10.Bb2 Nf6 11.Qg3 Bf3 12.Nbc3 Qh5 13.Qf4 Bxe2 14.Nxe2 
Qd5 15.O-O-O Qe4 16.f3 Qxf4 17.Nxf4 O-O-O 18.d4 g6 19.dxc5 Bh6 20.Be5 Nd7 
21.Bxh8 Bxf4+ 22.Kb2 Rxh8 23.b4 Bxh2 24.Rge1 e6 25.Kb3 h5 26.Re4 h4 27.Rh1
Bg3 28.Rg4 Rh5 29.c4 Ne5 30.Re4 Nxf3 31.Ka4 e5 32.Re3 Nd4 33.b5 f5 34.Ka5 
f4 35.Rd3 Kc7 36.Rb1 h3 37.bxa6 bxa6 38.Rb6 h2 39.Kxa6 h1=Q 40.Ka7 Rh8 41.
c6 Nxc6+ 42.Ka6 Ra8+ 0-1

[Event "Nordic Championship"]
[Site "Vaxjo"]
[Date "2017.06.29"]
[Round "6.31"]
[White "Halvarsson, Peter"]
[Black "Skjoldager, Flemming"]
[Result "1-0"]
[WhiteElo "1889"]
[BlackElo "1906"]

1.e4 d5 2.exd5 Qxd5 3.Nc3 Qd6 4.d4 Nf6 5.Bd3 c6 6.Nge2 g6 7.Bf4 Qb4 8.O-O 
Bg7 9.a3 Qa5 10.Ng3 O-O 11.Re1 Re8 12.Nce2 c5 13.dxc5 Qxc5 14.c3 Nc6 15.
Qc2 Be6 16.Be3 Qa5 17.Nf4 Bd7 18.Rad1 Ne5 19.Bf1 Bc6 20.Bd4 Ned7 21.b4 Ba4
22.Bxf6 Bxc2 23.bxa5 Bxd1 24.Bxg7 Ba4 25.Bh6 Rac8 26.h4 Rxc3 27.Nd5 Rxa3 
28.Nxe7+ Kh8 29.Nxg6+ hxg6 30.Rxe8+ Kh7 31.Be3 Nf6 32.Ra8 a6 33.Bd4 Ne8 
34.Ne4 g5 35.hxg5 Kg6 36.Nc3 Bc6 37.Bd3+ Kxg5 38.Rd8 Rxa5 39.Ne4+ Kh6 40.
Ng3 Rd5 41.Nf5+ Kg5 42.Rxd5 Bxd5 43.Bb6 Kf6 44.Ne3 Bc6 45.Nc4 Bd5 46.g3 
Ke6 47.Ne3 Bc6 48.Bc4+ Kf6 49.Ng4+ Ke7 50.Ne5 Be4 51.Nxf7 Kd7 52.Ng5 Bc6 
53.Nf7 Be4 54.Ne5+ Kd6 55.f4 Nf6 56.Kf2 Nd7 57.Nxd7 Kxd7 58.Ke3 Bg2 59.Kd4
Kc6 60.Ba5 1-0

[Event "Nordic Championship"]
[Site "Vaxjo"]
[Date "2017.06.29"]
[Round "6.32"]
[White "Ottosson, Bjorn"]
[Black "Ranby, Hans"]
[Result "0-1"]
[WhiteElo "1761"]
[BlackElo "1873"]

1.c4 Nf6 2.Nc3 b6 3.e4 e5 4.Nf3 Nc6 5.d3 Bb7 6.h3 Bc5 7.Bg5 d6 8.a3 Nd4 9.
Nxd4 Bxd4 10.Qd2 h6 11.Bh4 Nxe4 12.Bxd8 Nxd2 13.Bxc7 Bxc3 14.bxc3 Nxf1 15.
Bxd6 O-O-O 16.Bxe5 Rhe8 17.Kxf1 Rxe5 18.d4 Re7 19.f3 Ba6 20.Kf2 Bxc4 21.
Rhc1 Re2+ 22.Kg3 Rd6 23.Re1 Rg6+ 24.Kf4 Rgxg2 0-1

[Event "Nordic Championship"]
[Site "Vaxjo"]
[Date "2017.06.29"]
[Round "6.33"]
[White "Nebrin, Johan"]
[Black "Fakhr Eldin, Majed"]
[Result "1-0"]
[WhiteElo "1834"]
[BlackElo "1450"]

1.d4 Nf6 2.c4 c5 3.d5 e6 4.Nc3 exd5 5.cxd5 d6 6.Nf3 g6 7.h3 Bg7 8.e4 O-O 
9.Bd3 Na6 10.Bxa6 bxa6 11.O-O Bd7 12.Rb1 Bb5 13.Re1 Nd7 14.Bf4 Nb6 15.a4 
Bxc3 16.bxc3 Bxa4 17.Qc1 Nc4 18.Bh6 Re8 19.Qf4 Bb5 20.Bg5 f6 21.Bxf6 Rf8 
22.Bxd8 Rxf4 23.Bg5 Rf7 24.e5 dxe5 25.Nxe5 Rf5 26.f4 Nd6 27.g4 Rff8 28.Be7
1-0

[Event "Nordic Championship"]
[Site "Vaxjo"]
[Date "2017.06.29"]
[Round "6.34"]
[White "Knoppel, Bjorn"]
[Black "Johansson, Robert"]
[Result "1-0"]
[WhiteElo "1805"]
[BlackElo "1397"]

1.d4 d5 2.Bf4 Nf6 3.e3 e6 4.Nd2 Nbd7 5.Bd3 c5 6.c3 Be7 7.Ngf3 O-O 8.Ne5 
Nxe5 9.dxe5 Nd7 10.h4 Re8 11.Nf3 f6 12.Bxh7+ Kxh7 13.Ng5+ Kg8 14.Qh5 fxg5 
15.hxg5 Bxg5 16.Bxg5 Qc7 17.Qxe8+ 1-0

[Event "Nordic Championship"]
[Site "Vaxjo"]
[Date "2017.06.29"]
[Round "6.35"]
[White "Stolpe, Kjell"]
[Black "Svensson, Bengt"]
[Result "1/2-1/2"]
[WhiteElo "1622"]
[BlackElo "1784"]

1.d4 d5 2.Nf3 Nf6 3.Nbd2 Bg4 4.e4 e6 5.Be2 Nc6 6.Ng5 Bxe2 7.Qxe2 Nxd4 8.
Qd1 c5 9.Ngf3 Nc6 10.Qe2 Be7 11.h3 Qc7 12.c3 Nh5 13.g3 Nf6 14.Nf1 e5 15.
Bg5 d4 16.c4 a6 17.Nh4 h6 18.Bd2 g6 19.Nh2 Nh5 20.Ng4 Bxh4 21.gxh4 O-O-O 
22.Nh2 Nf4 23.Bxf4 exf4 24.Nf3 f6 25.O-O-O g5 26.Rhg1 Rdg8 27.Rg2 Ne5 28.
Rdg1 Rg7 29.Nxe5 Qxe5 30.Qh5 Rhh7 31.f3 Kd7 32.a3 Qe8 33.Qg4+ Qe6 34.b4 
Qxg4 35.hxg4 h5 36.gxh5 Rxh5 37.hxg5 fxg5 38.Kd1 cxb4 39.axb4 Ke6 40.Ra2 
Rh3 41.Rf2 Kf6 42.Ke2 Rgh7 43.Rfg2 Rh2 44.Kf2 Rxg2+ 45.Rxg2 Rh1 46.Rg1 
Rh2+ 47.Rg2 Rh1 48.Rg1 Rh2+ 1/2-1/2

[Event "Nordic Championship 50+"]
[Site "Vaxjo"]
[Date "2017.06.29"]
[Round "5.1"]
[White "Karason, Askell O"]
[Black "Lauritzen, Einar"]
[Result "0-1"]
[WhiteElo "2271"]
[BlackElo "1984"]

1.d4 Nf6 2.c4 e6 3.Nc3 Bb4 4.e3 O-O 5.Ne2 d5 6.a3 Be7 7.cxd5 exd5 8.Nf4 c6
9.Bd3 Re8 10.O-O Nbd7 11.f3 Nf8 12.Bc2 Ne6 13.Nxe6 Bxe6 14.e4 c5 15.e5 Nd7
16.f4 cxd4 17.f5 Bxf5 18.Bxf5 dxc3 19.Bxh7+ Kf8 20.Qh5 Nxe5 21.bxc3 Bf6 
22.a4 Nc4 23.Bg5 Qb6+ 24.Kh1 Re5 25.Bf5 g6 26.Bxg6 Rxg5 27.Qh6+ Ke7 28.
Rae1+ Re5 29.Qh7 Qe6 30.Rxe5 Nxe5 31.Bf5 Qa6 32.Re1 Rh8 0-1

[Event "Nordic Championship 50+"]
[Site "Vaxjo"]
[Date "2017.06.29"]
[Round "5.2"]
[White "Mortensen, Henrik"]
[Black "Ortoft, Kai"]
[Result "1-0"]
[WhiteElo "1931"]
[BlackElo "1984"]

1.Nf3 Nf6 2.b3 d6 3.d4 Bg4 4.e3 e6 5.Bb2 Nbd7 6.Be2 Be7 7.Nbd2 O-O 8.O-O 
Re8 9.c4 Bf8 10.Qc2 e5 11.dxe5 dxe5 12.Rad1 c6 13.Rfe1 Qc7 14.Nf1 Bb4 15.
N1d2 a5 16.Bc3 Bxc3 17.Qxc3 Nc5 18.h3 Bh5 19.g4 Bg6 20.Nf1 Nfe4 21.Qc1 Qe7
22.N1d2 h5 23.Nxe4 Nxe4 24.Qb2 hxg4 25.hxg4 Qe6 26.Nh2 Ng5 27.Kg2 e4 28.c5
Red8 29.Qc2 Nf3 30.Rh1 Qe5 31.Qc1 Nxh2 32.Rxh2 Rxd1 33.Qxd1 Qe7 34.Qh1 1-0

[Event "Nordic Championship 50+"]
[Site "Vaxjo"]
[Date "2017.06.29"]
[Round "5.3"]
[White "Franzen, Thomas"]
[Black "Holst, Conny"]
[Result "0-1"]
[WhiteElo "2032"]
[BlackElo "2150"]

1.Nc3 c5 2.Nf3 Nc6 3.d4 cxd4 4.Nxd4 Nf6 5.Bg5 d6 6.Qd2 e6 7.e4 a6 8.Be2 
Be7 9.O-O O-O 10.Kh1 Qc7 11.Rae1 Nxd4 12.Qxd4 b5 13.a3 Bb7 14.f4 Rfd8 15.
Bf3 Rac8 16.Re2 h6 17.Bh4 Nxe4 18.Bxe7 Nxc3 19.Bxd8 Nxe2 20.Qa7 Qc4 21.
Qxb7 Ng3+ 22.hxg3 Qxf1+ 23.Kh2 Rxd8 24.Qc7 Rf8 25.Qxd6 Qc1 26.Be4 g6 27.b3
Qe3 28.Bd3 Qa7 29.c4 bxc4 30.Bxc4 a5 31.Qd2 Kg7 32.Qc3+ Kh7 33.Qf6 Qc5 34.
a4 h5 35.Kh1 Qf5 36.Qe7 Kg7 37.Qc7 Rh8 38.Kg1 h4 39.g4 Qxg4 40.Qxa5 h3 41.
Qe5+ Kh7 42.Bf1 hxg2 43.Bxg2 Rd8 44.Qf6 Rd1+ 45.Kh2 Qh5+ 46.Kg3 Rd3+ 47.
Kf2 Qc5+ 48.Kf1 Qc1+ 0-1

[Event "Nordic Championship 50+"]
[Site "Vaxjo"]
[Date "2017.06.29"]
[Round "5.4"]
[White "Kirppo, Ronny"]
[Black "Sandgren, Per-Olov"]
[Result "1-0"]
[WhiteElo "1900"]
[BlackElo "1422"]

1.d4 Nf6 2.c4 g6 3.Nc3 Bg7 4.Nf3 O-O 5.g3 b6 6.e4 d6 7.Bg2 Bb7 8.d5 Nbd7 
9.O-O Re8 10.Nd4 Ne5 11.b3 c5 12.dxc6 Nxc6 13.Be3 Nxd4 14.Bxd4 e6 15.Qd2 
Qe7 16.Rad1 Rad8 17.h3 h6 18.Rfe1 Rd7 19.Qc2 Red8 20.Re2 e5 21.Be3 Kh7 22.
Red2 h5 23.Qc1 Qf8 24.Qa3 Bc6 25.Rd3 Ne8 26.Nd5 Bxd5 27.Rxd5 Bf6 28.c5 
bxc5 29.Bxc5 Nc7 30.Rxd6 Rxd6 31.Rxd6 Ne6 32.Rxe6 Rd1+ 33.Kh2 1-0

[Event "Nordic Championship 50+"]
[Site "Vaxjo"]
[Date "2017.06.29"]
[Round "5.5"]
[White "Gunnarsson, Lennart"]
[Black "Johansson, Lennart B"]
[Result "1/2-1/2"]
[WhiteElo "1800"]
[BlackElo "1974"]

1.d4 c5 2.dxc5 Qa5+ 3.Bd2 Qxc5 4.Nf3 Nf6 5.Nc3 d5 6.e3 Bg4 7.Be2 e6 8.Nd4 
Bxe2 9.Qxe2 a6 10.O-O Nbd7 11.f4 Bd6 12.Qd3 Rc8 13.Rac1 b5 14.a3 Qc4 15.
Qxc4 Rxc4 16.g3 Ke7 17.Nce2 Ne4 18.Ba5 Rb8 19.c3 Rcc8 20.Rfd1 f5 21.Nb3 
Kf7 22.Ned4 Nb6 23.Bxb6 Rxb6 24.Kg2 Rc4 25.Nd2 Nxd2 26.Rxd2 a5 27.Nb3 a4 
28.Nd4 Rb8 29.Rdc2 Bc5 30.Kf3 Kf6 31.h3 Rb6 32.Kf2 g5 33.Kf3 h6 34.Ke2 e5 
35.fxe5+ Kxe5 36.Nf3+ Kf6 37.Nd4 Bxd4 38.exd4 Re6+ 39.Kf3 Re4 40.Rd1 Rc7 
41.Re2 Rce7 42.Rxe4 Rxe4 43.Rh1 h5 44.Rg1 f4 45.gxf4 Rxf4+ 46.Kg3 h4+ 47.
Kg2 g4 48.Re1 g3 49.Re5 Rf2+ 50.Kg1 Rf5 51.Re8 Kg5 52.Rg8+ Kf6 53.Rh8 Rf4 
54.Rf8+ Kg5 55.Rd8 Rf5 56.Rg8+ Kf6 1/2-1/2

[Event "Nordic Championship 50+"]
[Site "Vaxjo"]
[Date "2017.06.29"]
[Round "5.6"]
[White "Pettersson, Kjell-Erik"]
[Black "Andersson, Erik"]
[Result "1/2-1/2"]
[WhiteElo "1721"]
[BlackElo "1703"]

1.d4 Nf6 2.Bf4 e6 3.e3 d5 4.Nf3 Be7 5.Nbd2 Nbd7 6.c3 c5 7.Bd3 c4 8.Bc2 Nh5
9.Bg3 Nxg3 10.hxg3 h6 11.Ne5 Nxe5 12.dxe5 Kd7 13.Qg4 Qf8 14.Nxc4 b5 15.Nd2
Bb7 16.Nf3 Bc5 17.Nd4 Bxd4 18.exd4 b4 19.Qe2 Bc6 20.O-O bxc3 21.bxc3 Qa3 
22.Qf3 Ke7 23.Rfc1 Rhc8 24.Bd3 Rc7 25.Qg4 Kf8 26.Qe2 Bb7 27.Rab1 Rac8 28.
Rb3 Qa5 29.Qb2 Ba8 30.Ra3 Qb6 31.Qxb6 axb6 32.Rb3 Ra7 33.Rc2 Rc6 34.Bb5 
Rcc7 35.a4 Bc6 36.Bxc6 Rxc6 37.Ra3 b5 38.axb5 Rxa3 39.bxc6 Ra6 40.c4 dxc4 
41.Rxc4 Ra8 42.f4 Rc8 43.Kf2 Ke8 44.Ke3 Kd8 45.Ke4 Kc7 46.d5 exd5+ 47.Kxd5
Rd8+ 48.Ke4 Rd2 49.Kf3 h5 50.f5 Rd1 51.Kf4 Rf1+ 52.Kg5 Rf2 53.Kxh5 Rxf5+ 
54.Kh4 Rxe5 55.Rg4 g6 56.Rc4 f6 57.Kg4 Re6 58.Kf4 Rxc6 59.Re4 Kd7 60.g4 
Rc1 61.Re3 1/2-1/2

[Event "Nordic Championship 50+"]
[Site "Vaxjo"]
[Date "2017.06.29"]
[Round "5.7"]
[White "Olsson, Magnus"]
[Black "Lang, Gusztav"]
[Result "1-0"]
[WhiteElo "1662"]
[BlackElo "1723"]

1.c4 Nf6 2.Nc3 e6 3.Nf3 Be7 4.g3 b6 5.Bg2 Bb7 6.O-O O-O 7.d4 d5 8.cxd5 
Nxd5 9.e3 Nd7 10.Nxd5 Bxd5 11.Qd3 Bb7 12.Rd1 Nf6 13.b3 a5 14.Bb2 a4 15.Qc4
a3 16.Bc1 c5 17.Qc2 Be4 18.Qe2 Nd5 19.Bd2 Bf6 20.Rac1 cxd4 21.Nxd4 Bxg2 
22.Kxg2 Ra7 23.Nc6 Qa8 24.e4 Bb2 25.exd5 Bxc1 26.Rxc1 Rc7 27.Bf4 Rd7 28.
dxe6 fxe6 29.Qxe6+ Rdf7 30.Kg1 Kh8 31.Qd5 Rf5 32.Qg2 Rc8 33.Nb4 Rxc1+ 34.
Bxc1 Qd8 35.Bxa3 Qd1+ 36.Qf1 Qd2 37.h4 Ra5 38.Qc4 Rc5 39.Qd3 Qe1+ 40.Kg2 
Rc8 41.Qe3 Qb1 42.Qd4 Qg6 43.Bb2 Qf7 44.Nd3 h6 45.Nf4 Qb7+ 46.Kh2 Re8 47.
Nh5 1-0

[Event "Nordic Championship 65+"]
[Site "Vaxjo"]
[Date "2017.06.29"]
[Round "5.1"]
[White "Lekander, Rolf"]
[Black "Olesen, Christer"]
[Result "1/2-1/2"]
[WhiteElo "2180"]
[BlackElo "1827"]

1.Nf3 Nf6 2.c4 c5 3.g3 Nc6 4.Bg2 g6 5.O-O Bg7 6.d4 cxd4 7.Nxd4 O-O 8.Nc3 
Nxd4 9.Qxd4 d6 10.Qd3 Rb8 11.Be3 b6 12.Bd4 Bb7 13.e4 Ne8 14.Rad1 Bxd4 15.
Qxd4 Ng7 16.b3 Ne6 17.Qe3 Qe8 18.Rfe1 Nc5 19.h4 h5 20.Qh6 Nd7 21.Bh3 Ne5 
22.Qe3 Bc8 23.Bg2 Be6 24.f4 Ng4 25.Qd4 Qc8 26.f5 Bd7 27.Nd5 Re8 28.fxg6 
fxg6 29.Ne3 Ne5 30.Rf1 Be6 31.Rd2 Bd7 32.Rdd1 Be6 33.Rd2 Bd7 34.Rdd1 
1/2-1/2